<?xml version="1.0" encoding="UTF-8"?><?xml-stylesheet type="text/xsl" href="static/style.xsl"?><OAI-PMH xmlns="http://www.openarchives.org/OAI/2.0/" xmlns:xsi="http://www.w3.org/2001/XMLSchema-instance" xsi:schemaLocation="http://www.openarchives.org/OAI/2.0/ http://www.openarchives.org/OAI/2.0/OAI-PMH.xsd"><responseDate>2026-06-01T04:34:12Z</responseDate><request verb="GetRecord" identifier="oai:riuma.uma.es:10630/2551" metadataPrefix="marc">https://riuma.uma.es/rest/oai/request</request><GetRecord><record><header><identifier>oai:riuma.uma.es:10630/2551</identifier><datestamp>2026-02-03T12:47:54Z</datestamp><setSpec>com_10630_2254</setSpec><setSpec>col_10630_37957</setSpec></header><metadata><record xmlns="http://www.loc.gov/MARC21/slim" xmlns:dcterms="http://purl.org/dc/terms/" xmlns:doc="http://www.lyncode.com/xoai" xmlns:xsi="http://www.w3.org/2001/XMLSchema-instance" xsi:schemaLocation="http://www.loc.gov/MARC21/slim http://www.loc.gov/standards/marcxml/schema/MARC21slim.xsd">
   <leader>00925njm 22002777a 4500</leader>
   <datafield ind2=" " ind1=" " tag="042">
      <subfield code="a">dc</subfield>
   </datafield>
   <datafield ind2=" " ind1=" " tag="720">
      <subfield code="a">Ramos España, Enrique</subfield>
      <subfield code="e">author</subfield>
   </datafield>
   <datafield ind2=" " ind1=" " tag="260">
      <subfield code="c">2008</subfield>
   </datafield>
   <datafield ind2=" " ind1=" " tag="520">
      <subfield code="a">Este trabajo se sitúa en una línea de investigación sobre Ciencia-Tecnología-Sociedad (CTS) como enfoque en el aula de Ciencias y en él se ha indagado sobre "cierto" contenido de los argumentos que ponen de manifiesto alumnos/as de 14-15 años y licenciado en Biología o Química, estudiantes del curso del CAP, cuando se les pregunta sobre un problema socio-científico como el de los alimentos transgénicos y los alimentos naturales y no naturales. Se han obtenido datos a partir de cuestionarios, anuncios publicitarios y actividades como un juego de rol o un foro en el campus virtual. El análisis de los datos se ha hecho con diferentes métodos como: análisis en progreso, técnica de redes sistémicas, análisis cluster jerárquico o la técnica de Chi-cuadrado de Pearson. En los resultados se han identificado los elementos que configuran las ideas de los alumnos/as sobre el alimento, alimento natural y no natural, y también se han identificado y descrito actitudes, creencias y valores, más relacionados con el campo de lo afectivo. A partir de las actitudes, se han identificado tres tipologías de alumnos/as: igualitaria, individualista y mixta. De estos resultados se han derivado una serie de conclusiones, implicaciones didácticas y vías para continuar la investigación. También se incluye una extensa revisión bibliográfica sobre el tema estudiado</subfield>
   </datafield>
   <datafield ind1="8" ind2=" " tag="024">
      <subfield code="a">9788497475273</subfield>
   </datafield>
   <datafield ind1="8" ind2=" " tag="024">
      <subfield code="a">http://hdl.handle.net/10630/2551</subfield>
   </datafield>
   <datafield tag="653" ind2=" " ind1=" ">
      <subfield code="a">Ciencia - Estudio y enseñanza - Tesis doctorales</subfield>
   </datafield>
   <datafield ind2="0" ind1="0" tag="245">
      <subfield code="a">Conocimiento, actitudes, creencias y valores en los argumentos sobre un tema socio-científico relacionado con los alimentos</subfield>
   </datafield>
</record>
</metadata></record></GetRecord></OAI-PMH>